Online Catalogue and eLibrary

Divinity & Deviance: (Record no. 1603)

MARC details
000 -LEADER
fixed length control field 00470nam a2200181Ia 4500
005 - DATE AND TIME OF LATEST TRANSACTION
control field 20250117024242.0
008 - FIXED-LENGTH DATA ELEMENTS--GENERAL INFORMATION
fixed length control field 240331s9999 xx 000 0 und d
020 ## - INTERNATIONAL STANDARD BOOK NUMBER
ISBN 0195639146
082 ## - DDC Classification
Item Number - Author Mark VIJ
DDC Edition Number 2578
Class No. 305.3
100 ## - MAIN ENTRY--PERSONAL NAME
Personal name Ramaswamy, V
245 #0 - TITLE STATEMENT
Title Divinity & Deviance:
Remainder of title Women in Virasaivism
260 ## - PUBLICATION, DISTRIBUTION, ETC.
Place of publication, distribution, etc. Delhi
Name of publisher, distributor, etc. Oxford University Press
Date of publication, distribution, etc. 1996
300 ## - PHYSICAL DESCRIPTION
Extent (e.g. Volumes, Pages etc.) xxi, 137 p., (C II)
650 ## - SUBJECT ADDED ENTRY--TOPICAL TERM
Topical term or geographic name entry element Women
650 ## - SUBJECT ADDED ENTRY--TOPICAL TERM
Topical term or geographic name entry element Religion
650 ## - SUBJECT ADDED ENTRY--TOPICAL TERM
Topical term or geographic name entry element Religious poems
942 ## - Koha item type (Biblio)
Koha item type Books in Stacks (Lending)
Holdings
Lost status Damaged status Collection code Home library Current library Shelving location Date acquired Full call number Accession Number Item type
    Lending WERC Library WERC Library Social Science Cupboard 03/31/2024 305.3 RAM 2578 Books in Stacks (Lending)

© WERC Library